00330nam a2200121Ia 4500008004100000041000800041082001400049100002400063245004500087260004000132300002900172365000700201240624s9999 xx 000 0 und d aeng a658.4 HOE aHOECKLIN LISA ADENT aMANAGING CULTURAL DIFFERENCES FOR COMPET c2000aHyderabadbUniversities Press ax, : 138 : p. : cm. ; 26 cRS